[Event "Canadian Open ch 2007"]
[Site "Ottawa CAN"]
[Date "2007.07.10"]
[Round "5"]
[White "Christian, Mark"]
[Black "Armstrong, Robert"]
[Result "0-1"]
[WhiteElo "1618"]
[BlackElo "1834"]
[PlyCount "46"]
[EventDate "2007.07.07"]
[EventType "swiss"]
[EventRounds "9"]
[EventCountry "CAN"]
[Source "lmi"]
[SourceDate "2007.07.07"]

1. e4 g6 2. d4 Bg7 3. Nc3 d6 4. Be3 Nf6 5. f3 O-O 6. Qd2 Nbd7 7. O-O-O c6 8. g4
b5 9. Kb1 b4 10. Na4 Qa5 11. b3 Ba6 12. Bxa6 Qxa6 13. Qxb4 Rab8 14. Qa3 Nb6 15.
Ka1 c5 16. Ne2 Rfc8 17. Nec3 Nfd7 18. Qc1 Nxa4 19. Nxa4 Nb6 20. Nb2 c4 21. bxc4
Nxc4 22. Nxc4 Rxc4 23. Qd2 Qxa2+ 0-1

[Event "Canadian Open ch 2007"]
[Site "Ottawa CAN"]
[Date "2007.07.10"]
[Round "5"]
[White "Gerzhoy, Leonid"]
[Black "Bokhout, Peter"]
[Result "1-0"]
[WhiteElo "2398"]
[BlackElo "2082"]
[PlyCount "59"]
[EventDate "2007.07.07"]
[EventType "swiss"]
[EventRounds "9"]
[EventCountry "CAN"]
[Source "lmi"]
[SourceDate "2007.07.07"]

1. Nf3 Nf6 2. c4 g6 3. Nc3 Bg7 4. e4 d6 5. d4 O-O 6. Be2 e5 7. O-O Nc6 8. d5
Ne7 9. b4 a5 10. Ba3 axb4 11. Bxb4 b6 12. a4 Ne8 13. Qb3 h6 14. a5 bxa5 15.
Bxa5 f5 16. c5 Kh7 17. cxd6 Qxd6 18. Bb4 Rb8 19. Bxd6 Rxb3 20. Bxe7 Rf7 21. Ra3
Rb2 22. Bc5 fxe4 23. Ne1 Nf6 24. Bc4 Bb7 25. Ra2 Rxa2 26. Bxa2 Rd7 27. Nc2 Nxd5
28. Nxd5 Bxd5 29. Rd1 c6 30. Ne3 1-0

[Event "Canadian Open ch 2007"]
[Site "Ottawa CAN"]
[Date "2007.07.11"]
[Round "6"]
[White "Bluvshtein, Mark"]
[Black "Miton, Kamil"]
[Result "1/2-1/2"]
[WhiteElo "2520"]
[BlackElo "2648"]
[PlyCount "61"]
[EventDate "2007.07.07"]
[EventType "swiss"]
[EventRounds "9"]
[EventCountry "CAN"]
[Source "lmi"]
[SourceDate "2007.07.07"]

1. d4 d5 2. c4 c6 3. Nf3 Nf6 4. Nc3 dxc4 5. a4 Bf5 6. Ne5 e6 7. f3 c5 8. e4
cxd4 9. exf5 Bb4 10. Bxc4 dxc3 11. Qxd8+ Kxd8 12. O-O cxb2 13. Bxb2 Ke7 14.
fxe6 fxe6 15. Nd3 Rc8 16. Bb3 a5 17. Nxb4 axb4 18. Rfe1 Rc6 19. Bxf6+ Kxf6 20.
Re4 Na6 21. Rae1 Nc5 22. Rf4+ Ke7 23. Rxb4 Nxb3 24. Rxb7+ Kf6 25. Rxb3 Rxa4 26.
Rbe3 Rac4 27. R1e2 Kf7 28. Kf2 Rc3 29. Rxc3 Rxc3 30. h3 Kf6 31. Kg3 1/2-1/2

[Event "Canadian Open ch 2007"]
[Site "Ottawa CAN"]
[Date "2007.07.11"]
[Round "6"]
[White "Tiviakov, Sergey"]
[Black "Yermolinsky, Alex"]
[Result "1/2-1/2"]
[WhiteElo "2648"]
[BlackElo "2517"]
[PlyCount "25"]
[EventDate "2007.07.07"]
[EventType "swiss"]
[EventRounds "9"]
[EventCountry "CAN"]
[Source "lmi"]
[SourceDate "2007.07.07"]

1. e4 c6 2. d4 d5 3. Nd2 dxe4 4. Nxe4 Nd7 5. Nf3 Ngf6 6. Nxf6+ Nxf6 7. Bc4 g6
8. O-O Bg7 9. c3 O-O 10. Ne5 Nd7 11. Nxd7 Bxd7 12. Re1 e6 13. Bf4 1/2-1/2

[Event "Canadian Open ch 2007"]
[Site "Ottawa CAN"]
[Date "2007.07.11"]
[Round "6"]
[White "Atalik, Suat"]
[Black "Likavsky, Tomas"]
[Result "1-0"]
[WhiteElo "2564"]
[BlackElo "2494"]
[PlyCount "61"]
[EventDate "2007.07.07"]
[EventType "swiss"]
[EventRounds "9"]
[EventCountry "CAN"]
[Source "lmi"]
[SourceDate "2007.07.07"]

1. d4 d5 2. c4 e6 3. Nc3 a6 4. cxd5 exd5 5. Bf4 c6 6. e3 Bd6 7. Bg3 Ne7 8. Qc2
Bf5 9. Qb3 Ra7 10. Nf3 O-O 11. Be2 Re8 12. O-O Bxg3 13. hxg3 Nd7 14. Nh4 Be6
15. Qc2 Ra8 16. Bd3 Nf8 17. b4 g5 18. Nf3 Neg6 19. a4 g4 20. Nd2 h5 21. b5 h4
22. gxh4 Qxh4 23. bxc6 bxc6 24. Ne2 Kg7 25. Rfb1 Nd7 26. Nf1 Rh8 27. Nfg3 Qh2+
28. Kf1 Nh4 29. Nf4 Rhc8 30. Ke2 Nxg2 31. Ngh5+ 1-0

[Event "Canadian Open ch 2007"]
[Site "Ottawa CAN"]
[Date "2007.07.11"]
[Round "6"]
[White "Shomoev, Anton"]
[Black "Henry, Liam"]
[Result "1-0"]
[WhiteElo "2561"]
[BlackElo "2274"]
[PlyCount "41"]
[EventDate "2007.07.07"]
[EventType "swiss"]
[EventRounds "9"]
[EventCountry "CAN"]
[Source "lmi"]
[SourceDate "2007.07.07"]

1. d4 Nf6 2. c4 g6 3. g3 Bg7 4. Bg2 O-O 5. Nc3 d6 6. Nf3 Nc6 7. O-O Bf5 8. d5
Na5 9. Nd2 c6 10. b4 Nxd5 11. cxd5 Bxc3 12. e4 Bxe4 13. Bxe4 Bxa1 14. bxa5 cxd5
15. Bxd5 Qd7 16. a6 Bd4 17. Ne4 Bg7 18. Bxb7 Rad8 19. Qb3 d5 20. Rd1 d4 21. Ba3
1-0

[Event "Canadian Open ch 2007"]
[Site "Ottawa CAN"]
[Date "2007.07.11"]
[Round "6"]
[White "Kunte, Abhijit"]
[Black "Vincent, Trevor"]
[Result "1-0"]
[WhiteElo "2519"]
[BlackElo "2199"]
[PlyCount "59"]
[EventDate "2007.07.07"]
[EventType "swiss"]
[EventRounds "9"]
[EventCountry "CAN"]
[Source "lmi"]
[SourceDate "2007.07.07"]

1. d4 f5 2. g3 Nf6 3. Bg2 e6 4. c4 c6 5. Qc2 d5 6. Nh3 Bd6 7. O-O O-O 8. Bf4
Be7 9. Nd2 h6 10. Bxb8 Rxb8 11. Nf4 Qe8 12. Nf3 g5 13. Nd3 Kg7 14. b4 dxc4 15.
Qxc4 Ne4 16. Qc2 Bf6 17. Nfe5 Qd8 18. e3 Nd6 19. Rad1 Qe7 20. Rfe1 Rd8 21. Qb2
Bd7 22. e4 Nxe4 23. Bxe4 fxe4 24. Rxe4 Be8 25. Rde1 b6 26. Ng4 Rd6 27. Nxf6
Qxf6 28. Ne5 Rd5 29. Qe2 h5 30. Nxc6 1-0

[Event "Canadian Open ch 2007"]
[Site "Ottawa CAN"]
[Date "2007.07.11"]
[Round "6"]
[White "Qin, Zi Yi"]
[Black "Hoang Thong, Tu"]
[Result "0-1"]
[WhiteElo "2089"]
[BlackElo "2483"]
[PlyCount "98"]
[EventDate "2007.07.07"]
[EventType "swiss"]
[EventRounds "9"]
[EventCountry "CAN"]
[Source "lmi"]
[SourceDate "2007.07.07"]

1. e4 c5 2. Nf3 Nc6 3. d4 cxd4 4. Nxd4 Nf6 5. Nc3 d6 6. Bc4 Qb6 7. Nb3 e6 8.
Be3 Qc7 9. O-O a6 10. a4 Ne5 11. Be2 Nc4 12. Bc1 Bd7 13. Qd4 Rc8 14. Bxc4 Qxc4
15. Be3 Qxd4 16. Nxd4 Be7 17. f3 O-O 18. Rfd1 h6 19. a5 Rc4 20. Nde2 Rfc8 21.
Bf4 e5 22. Be3 Be6 23. Rd2 Ne8 24. Kf2 Kh7 25. g3 g6 26. Ra4 f5 27. Rxc4 Rxc4
28. b3 Rc8 29. Nd5 Bxd5 30. exd5 Bd8 31. Bb6 Bxb6+ 32. axb6 Nf6 33. c4 Nd7 34.
f4 Nxb6 35. fxe5 dxe5 36. d6 Nd7 37. Nc3 Kg7 38. Nd5 Kf7 39. Nc7 Rd8 40. b4 Nf6
41. Ke3 Ne4 42. Rd5 Rxd6 43. Rxe5 Nf6 44. h3 Rc6 45. Rc5 Rxc5 46. bxc5 Ne4 47.
g4 Nxc5 48. gxf5 gxf5 49. Kf4 Ne6+ 0-1

[Event "Canadian Open ch 2007"]
[Site "Ottawa CAN"]
[Date "2007.07.11"]
[Round "6"]
[White "O Donnell, Tom"]
[Black "Upper, John"]
[Result "1-0"]
[WhiteElo "2427"]
[BlackElo "2123"]
[PlyCount "63"]
[EventDate "2007.07.07"]
[EventType "swiss"]
[EventRounds "9"]
[EventCountry "CAN"]
[Source "lmi"]
[SourceDate "2007.07.07"]

1. e4 e6 2. d4 d5 3. Nd2 Nf6 4. e5 Nfd7 5. f4 c5 6. c3 Nc6 7. Ndf3 Qb6 8. g3
cxd4 9. cxd4 Bb4+ 10. Kf2 f6 11. Kg2 O-O 12. Bd3 a5 13. h4 Be7 14. a3 Nxd4 15.
Nxd4 fxe5 16. fxe5 Nxe5 17. Ngf3 Nxd3 18. Qxd3 Bf6 19. Re1 a4 20. Bd2 Bd7 21.
Bb4 Rfc8 22. Re3 Rc4 23. Bc3 Rac8 24. Rae1 Rxc3 25. bxc3 Qb2+ 26. R1e2 Qxa3 27.
Ng5 g6 28. Ngxe6 Bxe6 29. Nb5 Qb3 30. Rxe6 Bxc3 31. Nxc3 Qxc3 32. Qxd5 1-0

[Event "Canadian Open ch 2007"]
[Site "Ottawa CAN"]
[Date "2007.07.11"]
[Round "6"]
[White "Mckay, Brian"]
[Black "Thavandiran, Shiyam"]
[Result "0-1"]
[WhiteElo "1816"]
[BlackElo "2337"]
[PlyCount "56"]
[EventDate "2007.07.07"]
[EventType "swiss"]
[EventRounds "9"]
[EventCountry "CAN"]
[Source "lmi"]
[SourceDate "2007.07.07"]

1. Nf3 Nf6 2. d4 e6 3. Bf4 Bd6 4. Bg3 b6 5. Nbd2 Bb7 6. e3 h6 7. Bd3 Bxg3 8.
hxg3 d5 9. Qe2 c5 10. c3 Nc6 11. Ba6 Bxa6 12. Qxa6 Qc7 13. Qa4 O-O 14. g4 e5
15. g5 hxg5 16. dxe5 Nxe5 17. Nxg5 c4 18. Qd1 g6 19. Ndf3 Nd3+ 20. Kf1 Kg7 21.
Qc2 Rh8 22. Rh3 Ng4 23. Rxh8 Rxh8 24. Nh3 Ndxf2 25. Qd2 Nd3 26. Ke2 Qg3 27. Kd1
Rxh3 28. gxh3 Qxf3+ 0-1

[Event "Canadian Open ch 2007"]
[Site "Ottawa CAN"]
[Date "2007.07.11"]
[Round "6"]
[White "Sambuev, Bator"]
[Black "Brousseau, Yvan"]
[Result "1-0"]
[WhiteElo "2482"]
[BlackElo "2084"]
[PlyCount "73"]
[EventDate "2007.07.07"]
[EventType "swiss"]
[EventRounds "9"]
[EventCountry "CAN"]
[Source "lmi"]
[SourceDate "2007.07.07"]

1. Nf3 b6 2. g3 Bb7 3. Bg2 e6 4. O-O Nf6 5. c4 Be7 6. Nc3 d6 7. Re1 O-O 8. e4
e5 9. d4 Nbd7 10. Nd5 Nxd5 11. cxd5 c6 12. dxe5 dxe5 13. d6 Bf6 14. h4 c5 15.
Bg5 Bc6 16. Qd2 Re8 17. Rad1 h6 18. Bh3 hxg5 19. hxg5 g6 20. gxf6 Qxf6 21. Nh2
Rad8 22. Kg2 Nf8 23. f3 Ne6 24. Bxe6 Rxe6 25. Ng4 Qg7 26. Rh1 Kf8 27. Qd3 Ke8
28. Rd2 Qf8 29. Rhd1 Kd7 30. Qa3 Ra8 31. b4 f5 32. Nf2 fxe4 33. Nxe4 Qf5 34.
Rh1 g5 35. Qd3 Bxe4 36. fxe4 Qg6 37. Qb5+ 1-0

[Event "Canadian Open ch 2007"]
[Site "Ottawa CAN"]
[Date "2007.07.11"]
[Round "6"]
[White "Ivkov, Borislav"]
[Black "Begoray, David"]
[Result "1-0"]
[WhiteElo "2414"]
[BlackElo "2063"]
[PlyCount "73"]
[EventDate "2007.07.07"]
[EventType "swiss"]
[EventRounds "9"]
[EventCountry "CAN"]
[Source "lmi"]
[SourceDate "2007.07.07"]

1. c4 Nf6 2. Nf3 g6 3. Nc3 Bg7 4. e4 d6 5. d4 O-O 6. Be2 c5 7. O-O Na6 8. d5 e6
9. Bf4 exd5 10. exd5 Nc7 11. h3 Nh5 12. Bg5 f6 13. Be3 f5 14. Bg5 Bf6 15. Qd2
Qe7 16. Rfe1 Bd7 17. Bf1 Qf7 18. a4 a5 19. Nb5 Nxb5 20. cxb5 b6 21. Bc4 Rfe8
22. Rad1 Bg7 23. Re6 Rxe6 24. dxe6 Bxe6 25. Bxe6 Qxe6 26. Qxd6 Re8 27. Qxe6+
Rxe6 28. Rd8+ Kf7 29. b3 h6 30. Rb8 Nf6 31. Rb7+ Kf8 32. Rb8+ Kf7 33. Rb7+ Kf8
34. Bd2 Ne4 35. Be3 g5 36. g3 Nc3 37. Rxb6 1-0

[Event "Canadian Open ch 2007"]
[Site "Ottawa CAN"]
[Date "2007.07.11"]
[Round "6"]
[White "Oussedik, Elias"]
[Black "Gerzhoy, Leonid"]
[Result "0-1"]
[WhiteElo "1965"]
[BlackElo "2409"]
[PlyCount "82"]
[EventDate "2007.07.07"]
[EventType "swiss"]
[EventRounds "9"]
[EventCountry "CAN"]
[Source "lmi"]
[SourceDate "2007.07.07"]

1. e4 c5 2. Nf3 d6 3. d4 cxd4 4. Nxd4 Nf6 5. Nc3 Nc6 6. Bg5 e6 7. Qd2 Be7 8.
O-O-O Qb6 9. Nb3 O-O 10. f3 a6 11. h4 Rd8 12. Bxf6 Bxf6 13. g4 d5 14. exd5 Nb4
15. Na4 Qd6 16. dxe6 Qxd2+ 17. Rxd2 Bxe6 18. Nc3 Bxc3 19. Rxd8+ Rxd8 20. bxc3
Nxa2+ 21. Kb2 Bxb3 22. Kxb3 Nc1+ 23. Kb2 Rd1 24. Bg2 Rxh1 25. Bxh1 Ne2 26. f4
b6 27. f5 Ng3 28. Bb7 a5 29. Kb3 h5 30. Bf3 hxg4 31. Bxg4 Kf8 32. f6 gxf6 33.
Bf3 Nf5 34. h5 Nh4 35. Be2 f5 36. Ka4 f4 37. Kb5 f3 38. Bd3 f2 39. c4 Nf3 40.
Kxb6 Ne5 41. Be2 a4 0-1

[Event "Canadian Open ch 2007"]
[Site "Ottawa CAN"]
[Date "2007.07.11"]
[Round "6"]
[White "Ozkan, Charlie"]
[Black "Vul, Arkady"]
[Result "0-1"]
[WhiteElo "1883"]
[BlackElo "2312"]
[PlyCount "98"]
[EventDate "2007.07.07"]
[EventType "swiss"]
[EventRounds "9"]
[EventCountry "CAN"]
[Source "lmi"]
[SourceDate "2007.07.07"]

1. d4 d5 2. c4 e6 3. Nc3 c6 4. Nf3 Nf6 5. Bg5 Nbd7 6. e3 Qa5 7. Nd2 dxc4 8.
Bxf6 Nxf6 9. Bxc4 Bb4 10. Qc2 e5 11. Nb3 Qc7 12. a3 Bd6 13. Ne4 Nxe4 14. Qxe4
O-O 15. d5 b5 16. Be2 cxd5 17. Qxd5 Bb7 18. Qxb5 Bxg2 19. Rg1 Rab8 20. Rc1 Rxb5
21. Rxc7 Rxb3 22. Rd7 Bh3 23. Rxd6 Rxb2 24. Rg3 Be6 25. e4 Rc8 26. Rc3 Rbb8 27.
Rxc8+ Rxc8 28. Ra6 Rc7 29. Kd2 Kf8 30. Bb5 Bc8 31. Rd6 Ke7 32. Rd3 a6 33. Ba4
Rc4 34. Bc2 Rxe4 35. Rd5 Rd4+ 36. Rxd4 exd4 37. Be4 Kf6 38. Kd3 Ke5 39. f4+
Kxf4 40. Kxd4 f5 41. Bd5 g5 42. a4 Bd7 43. a5 Bb5 44. Be6 h5 45. Bc4 Bxc4 46.
Kxc4 Ke3 47. Kc5 f4 48. Kb6 f3 49. Kxa6 f2 0-1

[Event "Canadian Open ch 2007"]
[Site "Ottawa CAN"]
[Date "2007.07.11"]
[Round "6"]
[White "Hambleton, Aman"]
[Black "Reprintsev, Alexander"]
[Result "0-1"]
[WhiteElo "2066"]
[BlackElo "2410"]
[PlyCount "123"]
[EventDate "2007.07.07"]
[EventType "swiss"]
[EventRounds "9"]
[EventCountry "CAN"]
[Source "lmi"]
[SourceDate "2007.07.07"]

1. e4 d5 2. exd5 Qxd5 3. Nc3 Qa5 4. d4 Nf6 5. Nf3 Nc6 6. Bb5 Ne4 7. Bd2 Nxc3 8.
Bxc6+ bxc6 9. Bxc3 Qd5 10. O-O Bg4 11. Re1 Bxf3 12. Qxf3 Qxf3 13. gxf3 e6 14.
Ba5 Kd7 15. c4 Bd6 16. Rad1 Rhb8 17. b3 Rf8 18. Kg2 f5 19. Bd2 Rf6 20. f4 Rg6+
21. Kf3 Rh6 22. Rh1 Rh3+ 23. Kg2 Rh4 24. Kf3 Rf8 25. Rdg1 Rf7 26. h3 Bf8 27.
Bc3 Be7 28. Bd2 Bf6 29. Be3 Rf8 30. Rd1 a6 31. Kg3 Re8 32. Rd3 h6 33. Rdd1 g5
34. fxg5 hxg5 35. f4 gxf4+ 36. Bxf4 Rg8+ 37. Kf3 Rgh8 38. Kg3 Be7 39. d5 cxd5
40. cxd5 Rg8+ 41. Kf3 Bd6 42. dxe6+ Kxe6 43. Bxd6 cxd6 44. Rd3 d5 45. Re1+ Re4
46. Red1 Rd8 47. Rh1 Rh4 48. Kg3 Rdh8 49. Kg2 d4 50. Rf1 Rg8+ 51. Kh2 Re4 52.
Rf2 Ke5 53. Rfd2 f4 54. h4 f3 55. Kh3 Re3 56. Kh2 Rxd3 57. Rxd3 Ke4 58. Rd1 f2
59. h5 Ke3 60. h6 Ke2 61. h7 Rh8 62. Kh3 0-1

[Event "Canadian Open ch 2007"]
[Site "Ottawa CAN"]
[Date "2007.07.11"]
[Round "6"]
[White "Kaminski, Thomas"]
[Black "Gordon, David"]
[Result "1-0"]
[WhiteElo "1982"]
[BlackElo "2239"]
[PlyCount "121"]
[EventDate "2007.07.07"]
[EventType "swiss"]
[EventRounds "9"]
[EventCountry "CAN"]
[Source "lmi"]
[SourceDate "2007.07.07"]

1. c4 b6 2. Nf3 Bb7 3. g3 Bxf3 4. exf3 c5 5. Bg2 Nc6 6. O-O g6 7. Nc3 Nh6 8. f4
Nf5 9. d3 Bg7 10. Be3 O-O 11. Rb1 e6 12. g4 Nfd4 13. Ne2 Rc8 14. Nxd4 Bxd4 15.
Qf3 Qf6 16. Qe2 Rfd8 17. Rfd1 d5 18. a3 a5 19. Qc2 Bxe3 20. fxe3 d4 21. g5 Qf5
22. Be4 Qg4+ 23. Qg2 Qxg2+ 24. Kxg2 dxe3 25. Kf3 Nd4+ 26. Kxe3 a4 27. h4 Kg7
28. Rh1 Rh8 29. h5 h6 30. hxg6 hxg5 31. gxf7 gxf4+ 32. Kxf4 Kxf7 33. Ke5 Ke7
34. Rbg1 Rcg8 35. Rxg8 Rxg8 36. Rh7+ Kd8 37. Rb7 Kc8 38. Rxb6 Rg5+ 39. Kd6 Nf5+
40. Kxc5 Kc7 41. Rb7+ Kc8 42. Ra7 Kb8 43. Rxa4 Ng3+ 44. Kd6 Nxe4+ 45. dxe4 e5
46. Rb4+ Kc8 47. Rb5 Rg6+ 48. Kxe5 Kc7 49. Rd5 Kc6 50. b4 Rg3 51. a4 Kc7 52.
Kd4 Rb3 53. Kc5 Re3 54. e5 Re1 55. a5 Ra1 56. Kb5 Ra2 57. a6 Ra1 58. Rc5+ Kb8
59. Kb6 Ra4 60. b5 Ra1 61. e6 1-0

[Event "Canadian Open ch 2007"]
[Site "Ottawa CAN"]
[Date "2007.07.11"]
[Round "6"]
[White "Cheng, Bindi"]
[Black "Aird, Ian"]
[Result "1-0"]
[WhiteElo "2238"]
[BlackElo "2048"]
[PlyCount "147"]
[EventDate "2007.07.07"]
[EventType "swiss"]
[EventRounds "9"]
[EventCountry "CAN"]
[Source "lmi"]
[SourceDate "2007.07.07"]

1. d4 Nf6 2. Nf3 e6 3. e3 c5 4. Bd3 b6 5. O-O Be7 6. c4 Bb7 7. Nc3 O-O 8. d5 d6
9. e4 e5 10. a3 Nbd7 11. Rb1 Kh8 12. h3 Nh5 13. Ne2 g6 14. g4 Ng7 15. Ng3 Bc8
16. Bh6 Nf6 17. Qd2 Ng8 18. Bxg7+ Kxg7 19. Kg2 Bd7 20. b4 Qc7 21. Qe3 Rab8 22.
Nd2 f6 23. f4 Qc8 24. f5 Nh6 25. Nf3 Nf7 26. h4 Qd8 27. Rf2 Nh6 28. Nh2 Nf7 29.
Nf3 Nh6 30. Kh3 Nf7 31. Rg1 Kh8 32. Kh2 Rg8 33. Rfg2 g5 34. Kh1 Bf8 35. hxg5
Nxg5 36. Rh2 Be8 37. Ne2 Rb7 38. Rg3 h6 39. Nh4 Rh7 40. Rgg2 Qd7 41. Ng3 Qd8
42. Nh5 Bf7 43. Bc2 Be8 44. Bd1 Be7 45. Rb2 Bf8 46. Qe1 Rc7 47. Bb3 Kh7 48.
Rbe2 Rb7 49. Re3 Rc7 50. Qd1 Bg7 51. Rhe2 Qd7 52. Rc3 Rb7 53. Ree3 Rc7 54. Bc2
Rb7 55. Rb3 Bf7 56. Rb2 Rc7 57. Ba4 Qd8 58. Rc2 Be8 59. Bxe8 Qxe8 60. Rcc3 Qd7
61. Nf3 Nf7 62. Re2 Rh8 63. Rb2 Kg8 64. b5 Rc8 65. a4 Rh7 66. Ra3 Ng5 67. Nxg5
hxg5 68. Kg1 Kf7 69. a5 Bf8 70. Rba2 Be7 71. axb6 axb6 72. Ra7 Rc7 73. Rxc7
Qxc7 74. Ra8 1-0

[Event "Canadian Open ch 2007"]
[Site "Ottawa CAN"]
[Date "2007.07.11"]
[Round "6"]
[White "Bick, John"]
[Black "Sadeghi, Saeid"]
[Result "1-0"]
[WhiteElo "2217"]
[BlackElo "2060"]
[PlyCount "73"]
[EventDate "2007.07.07"]
[EventType "swiss"]
[EventRounds "9"]
[EventCountry "CAN"]
[Source "lmi"]
[SourceDate "2007.07.07"]

1. d4 Nf6 2. c4 e6 3. Nc3 Bb4 4. e3 O-O 5. Bd3 d5 6. cxd5 exd5 7. Nge2 c6 8.
O-O Re8 9. Qc2 Nbd7 10. Bd2 Nf8 11. f3 c5 12. a3 Bxc3 13. Qxc3 cxd4 14. Nxd4
Bd7 15. Rfe1 Qb6 16. Qb3 Qxb3 17. Nxb3 Ne6 18. Rac1 Rec8 19. Bc3 Ba4 20. Nd4
Nc5 21. Bb1 Nb3 22. Nxb3 Bxb3 23. Bd4 a6 24. Bf5 Rc4 25. Rc3 Rxc3 26. Bxc3 g6
27. Bh3 Ne8 28. Rc1 Nd6 29. Be5 Nc4 30. Bd4 f5 31. Rc3 Ba2 32. g4 Bb1 33. a4
Rc8 34. gxf5 gxf5 35. e4 dxe4 36. Bxf5 Rc6 37. Rxc4 1-0

[Event "Canadian Open ch 2007"]
[Site "Ottawa CAN"]
[Date "2007.07.11"]
[Round "6"]
[White "Jiang, Louie"]
[Black "Zhou, Haonan"]
[Result "1-0"]
[WhiteElo "2200"]
[BlackElo "2016"]
[PlyCount "65"]
[EventDate "2007.07.07"]
[EventType "swiss"]
[EventRounds "9"]
[EventCountry "CAN"]
[Source "lmi"]
[SourceDate "2007.07.07"]

1. e4 e6 2. d4 d5 3. Nc3 Nf6 4. e5 Nfd7 5. f4 c5 6. Nf3 Nc6 7. Be3 a6 8. Qd2 b5
9. g3 Qb6 10. Bh3 cxd4 11. Nxd4 Bc5 12. O-O-O Bb7 13. Rhe1 Rc8 14. Nxc6 Qxc6
15. Bxc5 Nxc5 16. a3 a5 17. Kb1 b4 18. axb4 axb4 19. Nxd5 Ra8 20. Nxb4 Qa4 21.
c3 O-O 22. Bg2 Nb3 23. Qf2 Bxg2 24. Qxg2 Rfc8 25. Qe4 Nc5 26. Qd4 Nb3 27. Qd7
Qa5 28. Nc6 Rxc6 29. Qxc6 Nc5 30. Kc2 Nb3 31. Kxb3 Rb8+ 32. Kc2 g6 33. Ra1 1-0

[Event "Canadian Open ch 2007"]
[Site "Ottawa CAN"]
[Date "2007.07.11"]
[Round "6"]
[White "Xiong, Jerry"]
[Black "Thorvardson, Barry"]
[Result "1-0"]
[WhiteElo "2151"]
[BlackElo "1970"]
[PlyCount "109"]
[EventDate "2007.07.07"]
[EventType "swiss"]
[EventRounds "9"]
[EventCountry "CAN"]
[Source "lmi"]
[SourceDate "2007.07.07"]

1. e4 c5 2. Nf3 d6 3. d4 cxd4 4. Nxd4 Nf6 5. Nc3 e5 6. Bb5+ Bd7 7. Bxd7+ Qxd7
8. Nf3 Nc6 9. O-O h6 10. Be3 g5 11. Qe2 Be7 12. Rad1 O-O-O 13. Qc4 Kb8 14. b4
Ng4 15. b5 Nxe3 16. fxe3 Na5 17. Qa4 b6 18. Nxe5 Qe6 19. Nxf7 Rc8 20. Nxh8 Rxc3
21. Qd4 Rxc2 22. Rc1 Rxc1 23. Rxc1 Bf6 24. Qd5 Qxd5 25. exd5 Bxh8 26. Kf2 Be5
27. Kf3 Nb7 28. g3 Nc5 29. h4 gxh4 30. gxh4 h5 31. Rg1 Bf6 32. Rg6 Bxh4 33.
Rxd6 Bg3 34. Rd8+ Kc7 35. Ra8 Kb7 36. Rh8 h4 37. Rh7+ Kb8 38. e4 Na4 39. Ke3
Nc3 40. a4 Nxa4 41. Kd4 Bf2+ 42. Kc4 Nb2+ 43. Kc3 Na4+ 44. Kc2 Bg3 45. Rh5 Kc7
46. e5 Bxe5 47. Rxe5 Kd6 48. Rh5 h3 49. Kb3 Nc5+ 50. Kc4 a6 51. Rh6+ Kc7 52.
bxa6 h2 53. Kb5 Ne4 54. Rh7+ Kb8 55. Kxb6 1-0

[Event "Canadian Open ch 2007"]
[Site "Ottawa CAN"]
[Date "2007.07.11"]
[Round "6"]
[White "Demmery, Steve"]
[Black "Yu, Melvin"]
[Result "1/2-1/2"]
[WhiteElo "2124"]
[BlackElo "2079"]
[PlyCount "121"]
[EventDate "2007.07.07"]
[EventType "swiss"]
[EventRounds "9"]
[EventCountry "CAN"]
[Source "lmi"]
[SourceDate "2007.07.07"]

1. d4 d5 2. c4 c6 3. cxd5 cxd5 4. Nc3 Nc6 5. e4 e5 6. dxe5 dxe4 7. Qxd8+ Kxd8
8. Bg5+ f6 9. O-O-O+ Ke8 10. exf6 gxf6 11. Bf4 Bf5 12. Bb5 Rc8 13. Nge2 Bg6 14.
Nd4 Nge7 15. Rhe1 f5 16. Ne6 Bh5 17. f3 a6 18. Be2 b5 19. Nc7+ Kf7 20. fxe4
Bxe2 21. Rxe2 Bg7 22. exf5 Rhd8 23. Rxd8 Nxd8 24. Kb1 Nxf5 25. N3d5 Nc6 26. g4
Nfd4 27. Rf2 a5 28. Nb6 Rb8 29. Nd7 Rc8 30. Be5+ Kg8 31. Bg3 Rd8 32. Nc5 Rf8
33. Rxf8+ Bxf8 34. N5e6 Nxe6 35. Nxe6 Be7 36. Nc7 b4 37. b3 Kf7 38. Kc2 Kg6 39.
Kd3 Kg5 40. h3 Bf6 41. Ne6+ Kg6 42. Ke4 Kf7 43. Nc5 Nd4 44. Nb7 Ne2 45. Be1 Nc1
46. Nxa5 Nxa2 47. Bd2 Nc3+ 48. Kd3 Nd5 49. Nc6 Bc3 50. Bxc3 Nf4+ 51. Kc4 bxc3
52. Kxc3 Nxh3 53. Kd4 Ke6 54. Ke4 Nf2+ 55. Kf4 Kd5 56. Ne5 Kc5 57. Nc4 Kd4 58.
g5 Kc3 59. Kg3 Ne4+ 60. Kf4 Nxg5 61. Kxg5 1/2-1/2

[Event "Canadian Open ch 2007"]
[Site "Ottawa CAN"]
[Date "2007.07.11"]
[Round "6"]
[White "Kuryliw, Ray"]
[Black "Raymer, Evan"]
[Result "0-1"]
[WhiteElo "2109"]
[BlackElo "1935"]
[PlyCount "94"]
[EventDate "2007.07.07"]
[EventType "swiss"]
[EventRounds "9"]
[EventCountry "CAN"]
[Source "lmi"]
[SourceDate "2007.07.07"]

1. e4 c5 2. Nc3 Nc6 3. Bb5 Nd4 4. Bc4 g6 5. Nge2 Bg7 6. Nxd4 cxd4 7. Qf3 e6 8.
Ne2 Ne7 9. d3 b5 10. Bb3 Bb7 11. Qh3 d5 12. f3 dxe4 13. fxe4 Nc6 14. O-O O-O
15. Bh6 Na5 16. Bxg7 Kxg7 17. Qg3 Nxb3 18. axb3 f6 19. Nf4 Qe7 20. Rf2 e5 21.
Nh3 Bc8 22. Re2 a5 23. Kh1 a4 24. Ng1 Be6 25. bxa4 bxa4 26. c4 dxc3 27. bxc3
Bb3 28. d4 a3 29. Nf3 exd4 30. cxd4 a2 31. Qe1 Rfb8 32. h3 Bc4 33. Rd2 Qb4 34.
Qc1 Qb1 35. Rd1 Qxc1 36. Rdxc1 Bd3 37. e5 Rb1 38. Rg1 Rxa1 39. Rxa1 Bc4 40.
exf6+ Kh6 41. Ne5 Rb8 42. Nxc4 Rb1+ 43. Rxb1 axb1=Q+ 44. Kh2 Qd3 45. Ne5 Qxd4
46. Ng4+ Kg5 47. Kg3 Qf4# 0-1

[Event "Canadian Open ch 2007"]
[Site "Ottawa CAN"]
[Date "2007.07.11"]
[Round "6"]
[White "Gillanders, Robert"]
[Black "Sundar, Avinaash"]
[Result "1/2-1/2"]
[WhiteElo "1830"]
[BlackElo "2081"]
[PlyCount "176"]
[EventDate "2007.07.07"]
[EventType "swiss"]
[EventRounds "9"]
[EventCountry "CAN"]
[Source "lmi"]
[SourceDate "2007.07.07"]

1. d4 c5 2. d5 e5 3. e4 d6 4. Bb5+ Nd7 5. c4 g6 6. Nf3 Bh6 7. Bxh6 Nxh6 8. Qd2
Ng4 9. h3 Ngf6 10. Nc3 Rb8 11. O-O Nh5 12. Qh6 Qf6 13. Ne2 a6 14. Bxd7+ Bxd7
15. Nd2 Nf4 16. Nxf4 Qxf4 17. Qxf4 exf4 18. a3 Ke7 19. b4 Rhc8 20. Rfe1 f6 21.
Rac1 Rc7 22. bxc5 Rxc5 23. Nb3 Rc7 24. c5 Rbc8 25. cxd6+ Kxd6 26. Rxc7 Rxc7 27.
f3 Rc3 28. Rb1 b5 29. Kf1 f5 30. Na5 fxe4 31. fxe4 Ke5 32. Rb4 f3 33. gxf3
Rxf3+ 34. Kg2 Rxa3 35. Nb7 Bxh3+ 36. Kh2 Bd7 37. Rb2 Rc3 38. Rf2 Rc7 39. Nd8
Kxe4 40. d6 Rc8 41. Nf7 Kd5 42. Rd2+ Ke6 43. Ng5+ Kf5 44. Rd5+ Kf6 45. Kg3 Be6
46. Ne4+ Kg7 47. Re5 Re8 48. Rxe6 Kf8 49. d7 Rd8 50. Nc5 Kf7 51. Rxa6 Ke7 52.
Re6+ Kf7 53. Rb6 Ke7 54. Rxb5 Rf8 55. Rb6 Rd8 56. Re6+ Kf7 57. Re1 h6 58. Rh1
h5 59. Kf4 Kf6 60. Re1 g5+ 61. Kg3 Kf7 62. Re5 h4+ 63. Kg4 h3 64. Kxh3 Rh8+ 65.
Kg4 Rh4+ 66. Kxg5 Rd4 67. Kh6 Kf6 68. Re6+ Kf7 69. Rg6 Rh4+ 70. Kg5 Rd4 71. Rc6
Rd5+ 72. Kf4 Ke7 73. Ke4 Rd1 74. Rc7 Rd2 75. Nd3 Re2+ 76. Kd4 Rd2 77. Ke3 Rd1
78. Ke2 Rh1 79. Ne5 Rh2+ 80. Kf3 Rh8 81. Ng6+ Kd6 82. Ra7 Rd8 83. Ke4 Rxd7 84.
Ra6+ Kc5 85. Ne5 Rh7 86. Rc6+ Kb5 87. Kd5 Rh1 88. Nd3 Rh5+ 1/2-1/2